Statistics for Every Class A ND High School Mascot

Click here to take the quiz!

General Stats

  • This quiz has been taken 14 times
  • The average score is 13 of 23

Answer Stats

SchoolMascot% Correct
WF SheyenneMustangs
100%
Fargo DaviesEagles
89%
WF HoraceHawks
89%
Bismarck CenturyPatriots
89%
Watford CityWolves
89%
Fargo SouthBruins
78%
GF CentralKnights
78%
Fargo NorthSpartans
78%
BismarckDemons
67%
JamestownBlue Jays
56%
WahpetonHuskies
56%
WillistonCoyotes
44%
Valley CityHi-Liners
44%
West FargoPackers
44%
Bismarck St Mary’sSaints
44%
MandanBraves
33%
TMCHSBraves
33%
ShanleyDeacons
33%
Devils LakeFirebirds
33%
MinotMagicians
33%
DickinsonMidgets
33%
GF Red RiverRoughriders
33%
Bismarck LegacySabres
33%

Score Distribution

Percentile by Number Answered

Percent of People with Each Score

Your Score History

You have not taken this quiz